| 000 | 00890nam a22002297a 4500 | ||
|---|---|---|---|
| 005 | 20170504170517.0 | ||
| 008 | 170504b xxu||||| |||| 00| 0 eng d | ||
| 010 | _aB-670060 | ||
| 020 |
_a9788131250600 _c325.00 |
||
| 035 | _aB-670060 | ||
| 037 | _bRP/Purchase | ||
| 040 |
_adpl _ben |
||
| 082 | _a340 | ||
| 100 | _aArora, Manish | ||
| 245 |
_aUniversal's Legal GK : for all competitive examinations/ _cby Manish Arora |
||
| 250 | _a25th | ||
| 260 |
_aHaryana _bUniversal Law Publishing _c2017 |
||
| 270 |
_a14th floor, Building No. 10, Tower-B, DLF Cyber City, Phase-II, _bGurgaon _e122002 _k+91 1244774444 |
||
| 300 |
_a261p. _c24x18cm. |
||
| 942 |
_2ddc _cEN _e25th _h340 _mARO |
||
| 999 |
_c139511 _d139511 |
||